| 000 | 00566nam a2200217Ia 4500 | ||
|---|---|---|---|
| 003 | OSt | ||
| 005 | 20220925214710.0 | ||
| 006 | a|||||r|||| 00| 0 | ||
| 007 | ta | ||
| 008 | 220923b |||||||| |||| 00| 0 eng d | ||
| 037 | _cGeneral Book | ||
| 040 |
_aRTL _cRTL _beng |
||
| 041 |
_2eng _aeng |
||
| 082 | _aY.257T.N7, L7 | ||
| 100 |
_aMitra Ashok _9101645 |
||
| 245 | 0 | _aCalcutta diary | |
| 260 |
_aLondon _bFrank Cass _c1977 |
||
| 300 |
_axiii,206p. _ccm. |
||
| 942 |
_hY.257T.N7, L7 _cGB _2CC |
||
| 999 |
_c566318 _d566318 |
||